Zimbabwe : Technical Assistance Report-Government Finance Statistics.

As part of a five-year project of the Enhanced Data Dissemination Initiative (EDDI) 2 Government Finance Statistics (GFS) Module on improving GFS and public-sector debt statistics in selected African countries, a mission was conducted in Harare, Zimbabwe during April 15-26, 2019. This mission was a...

Description complète

Détails bibliographiques
Collectivité auteur: International Monetary Fund. Statistics Dept
Format: Revue
Langue:English
Publié: Washington, D.C. : International Monetary Fund, 2020.
Collection:IMF Staff Country Reports; Country Report ; No. 2020/219
Accès en ligne:Full text available on IMF
LEADER 02014cas a2200241 a 4500
001 AALejournalIMF021105
008 230101c9999 xx r poo 0 0eng d
020 |c 5.00 USD 
020 |z 9781513550602 
022 |a 1934-7685 
040 |a BD-DhAAL  |c BD-DhAAL 
110 2 |a International Monetary Fund.  |b Statistics Dept. 
245 1 0 |a Zimbabwe :   |b Technical Assistance Report-Government Finance Statistics. 
264 1 |a Washington, D.C. :  |b International Monetary Fund,  |c 2020. 
300 |a 1 online resource (31 pages) 
490 1 |a IMF Staff Country Reports 
500 |a <strong>Off-Campus Access:</strong> No User ID or Password Required 
500 |a <strong>On-Campus Access:</strong> No User ID or Password Required 
506 |a Electronic access restricted to authorized BRAC University faculty, staff and students 
520 3 |a As part of a five-year project of the Enhanced Data Dissemination Initiative (EDDI) 2 Government Finance Statistics (GFS) Module on improving GFS and public-sector debt statistics in selected African countries, a mission was conducted in Harare, Zimbabwe during April 15-26, 2019. This mission was a follow up on a 2018 GFS technical assistance (TA) mission under the EDDI 2. The mission's objective was to review progress made and assisting with outstanding statistical issues that are important for sound policymaking in Zimbabwe. Some of the key outstanding issues raised by the IMF African Department prior to the mission were, the classification of government subsidies to state owned enterprises (SOEs); the identification of extrabudgetary units (EBUs) and classification of their operations; and the correct classification of other government transactions in line with a Government Finance Statistics Manual (GFSM) 2014 framework. 
538 |a Mode of access: Internet 
830 0 |a IMF Staff Country Reports; Country Report ;  |v No. 2020/219 
856 4 0 |z Full text available on IMF  |u http://elibrary.imf.org/view/journals/002/2020/219/002.2020.issue-219-en.xml  |z IMF e-Library